00517 a2200169 450000500170000001000150001702000310003203500140006303700130007708200110009010000200010124500480012125000160016926000750018527000620026030000250032220211217165350.0 aENG-130403 a978-93-89211-72-6c1250.00 aEN-113935 bDBAD/PUB a617b1 aMathew, Stanley aEssential Clinical Surgery:cStanley Mathew a2nd Edition aHyderabad, TelanganabUniversities Press (India) Private Limitedc2021 a3-6-747/1/A & 3-6-754/1, HimayatnagarbHyderabad e500029 aix,573p.c28cm (pbk)